The egg of Christopher Columbus / (Record no. 306603)
[ view plain ]
| 000 -LEADER | |
|---|---|
| fixed length control field | 00872nam a2200277Ia 4500 |
| 008 - FIXED-LENGTH DATA ELEMENTS--GENERAL INFORMATION | |
| fixed length control field | 170203s9999 xx 000 0 und d |
| 020 ## - INTERNATIONAL STANDARD BOOK NUMBER | |
| International Standard Book Number | 0-550319018 |
| 050 ## - LIBRARY OF CONGRESS CALL NUMBER | |
| Classification number | Fic |
| 050 ## - LIBRARY OF CONGRESS CALL NUMBER | |
| Item number | V521t |
| 100 ## - MAIN ENTRY--PERSONAL NAME | |
| Personal name | Verleyen, Cyriel. |
| 245 #4 - TITLE STATEMENT | |
| Title | The egg of Christopher Columbus / |
| 245 ## - TITLE STATEMENT | |
| Statement of responsibility, etc | by Cyriel Verleyen ; illustrated by Henry Branton. |
| 260 ## - PUBLICATION, DISTRIBUTION, ETC. (IMPRINT) | |
| Place of publication, distribution, etc | Edinburgh : |
| 260 ## - PUBLICATION, DISTRIBUTION, ETC. (IMPRINT) | |
| Name of publisher, distributor, etc | W.and R. Chambers, |
| 260 ## - PUBLICATION, DISTRIBUTION, ETC. (IMPRINT) | |
| Date of publication, distribution, etc | 1975 |
| 300 ## - PHYSICAL DESCRIPTION | |
| Extent | [25] pages : |
| 300 ## - PHYSICAL DESCRIPTION | |
| Other physical details | illustrations (chiefly color) ; |
| 300 ## - PHYSICAL DESCRIPTION | |
| Dimensions | 19 x 20 cm. |
| 440 ## - SERIES STATEMENT/ADDED ENTRY--TITLE | |
| Title | Tales from history. |
| 650 ## - SUBJECT ADDED ENTRY--TOPICAL TERM | |
| Topical term or geographic name as entry element | Colón, Cristóbal, -- 1451-1506 -- |
| 650 ## - SUBJECT ADDED ENTRY--TOPICAL TERM | |
| Topical term or geographic name as entry element | Explorers -- Spain -- Biography -- |
| 650 ## - SUBJECT ADDED ENTRY--TOPICAL TERM | |
| Topical term or geographic name as entry element | North America -- Exploration -- Colón, Cristóbal - Biographies - For children |
| 650 ## - SUBJECT ADDED ENTRY--TOPICAL TERM | |
| General subdivision | Juvenile literature. |
| 650 ## - SUBJECT ADDED ENTRY--TOPICAL TERM | |
| General subdivision | Juvenile literature. |
| 700 ## - ADDED ENTRY--PERSONAL NAME | |
| Personal name | Branton, Henry, ill. |
| Withdrawn status | Lost status | Damaged status | Home library | Current library | Shelving location | Date acquired | Total Checkouts | Full call number | Barcode | Date last seen | Price effective from | Koha item type |
|---|---|---|---|---|---|---|---|---|---|---|---|---|
| Stonyhurst Southville International School (Batangas) | Stonyhurst Southville International School (Batangas) | 02/03/2017 | Fic .V521t 1974 | LS-0901 | 02/03/2017 | 02/03/2017 | Books |